[Event "Challenge"]
[Site "http://www.queenalice.com/game.php?id=430248"]
[Date "2008.7.9"]
[Round "-"]
[White "paulorossy"]
[Black "adrielfilho"]
[Result "0-1"]
[WhiteElo "1040"]
[BlackElo "2005"]

1. Nf3 d5 2. c3 e6 3. Qa4+ c6 4. e3 Nf6 5. d3 Bd6 6. c4 dxc4 7. Qxc4 Nbd7 8.
Nbd2 Nb6 9. Qc2 O-O 10. Be2 Nbd5 11. e4 Nb4 12. Qc4 b5 13. Qb3 e5 14. a3 Na6 15.
Qc3 Qc7 16. g4 Nxg4 17. Rg1 Nc5 18. b4 Na4 19. Qc2 Qb6 20. Rxg4 Bxg4 21. Ng5
Bxe2 22. Kxe2 c5 0-1

[Event "Challenge"]
[Site "http://www.queenalice.com/game.php?id=430318"]
[Date "2008.7.9"]
[Round "-"]
[White "paulorossy"]
[Black "APSHOOTER"]
[Result "0-1"]
[WhiteElo "1100"]
[BlackElo "1580"]

1. Nc3 d5 2. d3 e5 3. e3 Bb4 4. Qf3 Bxc3+ 5. bxc3 Nf6 6. Qg3 Nc6 7. Qxg7 Rg8 8.
Qh6 Ng4 9. Qxh7 Qg5 10. e4 Qg6 11. Qh4 dxe4 12. dxe4 Qxe4+ 13. Be2 Qxg2 14. h3
Qxh1 15. Qh7 Qxg1+ 16. Kd2 Nxf2 17. h4 Be6 18. Bb2 O-O-O+ 19. Ke3 Qg3+ 20. Bf3
Bg4 21. Qxf7 Rgf8 22. Qc4 Bxf3 23. Qa4 Bd1# 0-1

[Event "Challenge"]
[Site "http://www.queenalice.com/game.php?id=430323"]
[Date "2008.7.9"]
[Round "-"]
[White "paulorossy"]
[Black "GabrielGabera"]
[Result "0-1"]
[WhiteElo "1100"]
[BlackElo "1973"]

1. c4 Nf6 2. Qa4 e6 3. Nf3 Be7 4. Qa5 O-O 5. e4 Nxe4 6. Bd3 d5 7. c5 Nc6 8. Qa3
Bxc5 9. Qb3 Bxf2+ 10. Ke2 Nd4+ 11. Kd1 Nxb3 12. Rf1 Nxa1 13. Rxf2 Nxf2+ 14. Ke2
Nxd3 15. Kxd3 Qf6 0-1

[Event "Challenge"]
[Site "http://www.queenalice.com/game.php?id=430340"]
[Date "2008.7.9"]
[Round "-"]
[White "paulorossy"]
[Black "Francisco_Ferraz"]
[Result "0-1"]
[WhiteElo "1100"]
[BlackElo "1663"]

1. c3 d5 2. d3 e5 3. Qa4+ Bd7 4. Qb3 Nf6 5. c4 c6 6. c5 Bxc5 7. Qxb7 Bb6 8. Qxa8
O-O 9. Qb7 Bc8 10. Qxb8 Qd7 11. Qxe5 Bc7 12. Qd4 Bb6 13. e4 Bxd4 0-1

[Event "Challenge"]
[Site "http://www.queenalice.com/game.php?id=430341"]
[Date "2008.7.9"]
[Round "-"]
[White "paulorossy"]
[Black "charles31"]
[Result "0-1"]
[WhiteElo "1050"]
[BlackElo "1771"]

1. d4 d5 2. c3 Nc6 3. b4 e5 4. dxe5 Nxe5 5. f4 Nc4 6. Na3 Nxa3 7. Bxa3 Bd6 8. e3
Qe7 9. Bb5+ c6 10. Bf1 b5 11. Bb2 Nf6 12. Qd3 Bxf4 13. g3 Bh6 14. c4 dxc4 15.
Qd1 Bxe3 16. Qe2 Bg4 17. Rd1 Bxe2 18. Bxe2 O-O 19. Bd4 Qxb4+ 20. Kf1 Rad8 21.
Bxe3 Rxd1+ 22. Bxd1 Re8 23. Bxa7 c3 24. Be3 Rxe3 25. Nf3 c2 26. Bxc2 Qc3 27. Bb3
Ng4 28. Kg1 Rxf3 29. Kg2 Rf6 0-1

[Event "Challenge"]
[Site "http://www.queenalice.com/game.php?id=430342"]
[Date "2008.7.9"]
[Round "-"]
[White "paulorossy"]
[Black "bobby08"]
[Result "0-1"]
[WhiteElo "1040"]
[BlackElo "1771"]

1. e3 d5 2. d3 e5 3. Qh5 Nc6 4. a4 Nf6 5. Qf3 e4 6. Qd1 Bf5 7. d4 Be7 8. b3 Bb4+
9. c3 Bd6 10. c4 dxc4 11. bxc4 Bb4+ 12. Bd2 Qe7 13. d5 Bxd2+ 14. Nxd2 Nb4 15.
Rb1 O-O 16. Qb3 a5 17. h3 Nd7 18. g4 Bg6 19. Bg2 Nc5 20. Qb2 Ncd3+ 21. Kd1 Nxb2+
22. Rxb2 Nd3 23. Rxb7 Nxf2+ 24. Ke2 Nxh1 25. Nxe4 Bxe4 26. Kf1 Qf6+ 27. Ke2 Qf2+
28. Kd1 Qxg1+ 0-1

[Event "Challenge"]
[Site "http://www.queenalice.com/game.php?id=430345"]
[Date "2008.7.9"]
[Round "-"]
[White "paulorossy"]
[Black "Eduarte"]
[Result "0-1"]
[WhiteElo "1060"]
[BlackElo "1935"]

1. e3 e5 2. Nf3 e4 3. Ng5 Qxg5 4. f4 exf3 5. Qxf3 Nf6 6. Qf4 Qxf4 7. exf4 Bc5 8.
g4 d5 9. Bb5+ c6 10. Ba4 Bxg4 11. Rg1 Bxg1 12. Nc3 O-O 13. Ne2 Re8 14. Kf1 Bxh2
15. Ke1 Rxe2+ 16. Kf1 Ne4 17. d3 Ng3# 0-1

[Event "Challenge"]
[Site "http://www.queenalice.com/game.php?id=430346"]
[Date "2008.7.9"]
[Round "-"]
[White "paulorossy"]
[Black "LeoDZeppelin"]
[Result "0-1"]
[WhiteElo "1038"]
[BlackElo "1653"]

1. c3 e5 2. d3 d5 3. Qa4+ Nc6 4. Qe4 Nf6 5. Qe3 Bf5 6. b4 Qd7 7. d4 Ng4 8. Qg5
h6 9. Qh4 exd4 10. b5 dxc3 11. Qg3 a5 12. h3 Bd6 13. Qxc3 Bb4 14. Qd2 Bxd2+ 15.
Bxd2 Nd4 16. hxg4 Bxg4 17. f3 Bf5 0-1

[Event "Challenge"]
[Site "http://www.queenalice.com/game.php?id=431319"]
[Date "2008.7.11"]
[Round "-"]
[White "paulorossy"]
[Black "polly"]
[Result "0-1"]
[WhiteElo "1050"]
[BlackElo "1232"]

1. c4 e5 2. d3 Bc5 3. Qa4 Nc6 4. Qb5 b6 5. Be3 Nf6 6. f3 O-O 7. f4 Ng4 8. Kd2
Nxe3 9. Qa4 Nxf1+ 10. Ke1 Ne3 11. Qb3 Nxg2+ 12. Kf1 Nxf4 13. e3 Bxe3 14. Nf3 d6
15. Nc3 Nd4 16. Qd1 Bh3+ 17. Ke1 Bg2 18. Rg1 Bxg1 19. Kd2 Bxf3 20. Qxg1 Qh4 21.
Nd5 Bxd5 22. Ke3 Qh3+ 23. Qg3 Qxg3+ 24. hxg3 Ng2+ 25. Kd2 Nf3+ 26. Ke2 Nd4+ 0-1

[Event "Challenge"]
[Site "http://www.queenalice.com/game.php?id=431481"]
[Date "2008.7.11"]
[Round "-"]
[White "paulorossy"]
[Black "Andre_Bidu"]
[Result "0-1"]
[WhiteElo "1072"]
[BlackElo "1858"]

1. c3 e5 2. d4 exd4 3. cxd4 Nf6 4. Qd3 Bb4+ 5. Bd2 Bxd2+ 6. Kxd2 O-O 7. Ke1 Re8
8. e4 Nxe4 9. f3 Qh4+ 10. g3 Nxg3+ 11. Kf2 Ne2+ 12. Kg2 Nf4# 0-1

[Event "Challenge"]
[Site "http://www.queenalice.com/game.php?id=436061"]
[Date "2008.7.20"]
[Round "-"]
[White "paulorossy"]
[Black "alvinho"]
[Result "0-1"]
[WhiteElo "1070"]
[BlackElo "1294"]

1. e4 e5 2. c4 Bc5 3. d3 Qf6 4. Qf3 Na6 5. a3 d6 6. b4 Bd4 7. g4 Bxa1 8. Qe3
Bxg4 9. d4 Bxd4 10. Qd3 Qxf2# 0-1

[Event "Challenge"]
[Site "http://www.queenalice.com/game.php?id=439864"]
[Date "2008.7.27"]
[Round "-"]
[White "paulorossy"]
[Black "Marcelo_Araujo"]
[Result "0-1"]
[WhiteElo "1040"]
[BlackElo "1750"]

1. Nc3 Nf6 2. e4 d6 3. d3 g6 4. Nb1 Bg7 5. Qd2 O-O 6. c4 c5 7. a3 Nc6 8. b4 cxb4
9. axb4 Nd4 10. c5 Nb3 11. Qc3 Nxa1 12. Qb2 Nxe4 13. Qxa1 Bxa1 14. dxe4 dxc5 15.
bxc5 Bg4 16. f3 Be6 17. Ne2 Bf6 18. Na3 Bb3 19. Nd4 Qxd4 0-1